Normal view
MARC view
- ماثيور، ويليام ؛ ترجمة رسمي مختار مختار
Entry Personal Name
001 - CONTROL NUMBER
- control field: 40051
003 - CONTROL NUMBER IDENTIFIER
- control field: JO-AjAnu
005 - DATE AND TIME OF LATEST TRANSACTION
- control field: 20230606080645.0
008 - FIXED-LENGTH DATA ELEMENTS
- fixed length control field: 230606|| aca||aabn | a|a d
040 ## - CATALOGING SOURCE
- Original cataloging agency: JO-AjAnu
- Transcribing agency: JO-AjAnu
100 ## - HEADING--PERSONAL NAME
- Personal name: ماثيور، ويليام ؛ ترجمة رسمي مختار مختار
670 ## - SOURCE DATA FOUND
- Source citation: Work cat.: (JO-AjAnu)20533: ماثيور، ويليام ؛ ترجمة رسمي مختار مختار, author, ماهي الجيولوجيا